| 000 | 00000nam 2200000zi 4500 |
| 001 | 9.936855 |
| 003 | CaOODSP |
| 005 | 20240416105847 |
| 006 | m o d f |
| 007 | cr mn||||||||| |
| 008 | 240416s2020 onc o f000 0 fre d |
| 040 | |aCaOODSP|bfre|erda|cCaOODSP |
| 043 | |an-cn--- |
| 045 | |ay1y2 |
| 086 | 1 |aCR22-131/2020F-PDF |
| 245 | 03|aLe CRSH en chiffres. |
| 264 | 1|a[Ottawa] : |bConseil de recherches en sciences humaines du Canada = Social Sciences and Humanities Research Council of Canada, |c[2020] |
| 300 | |a1 ressource en ligne (1 page) |
| 336 | |atexte|btxt|2rdacontent/fre |
| 337 | |ainformatique|bc|2rdamedia/fre |
| 338 | |aressource en ligne|bcr|2rdacarrier/fre |
| 500 | |aPublié aussi en anglais sous le titre : SSHRC in numbers. |
| 500 | |a« Au cours de l'exercise 2019-2020, le CRSH a … » |
| 610 | 20|aConseil de recherches en sciences humaines du Canada. |
| 655 | 7|aInfographies|2rvmgf |
| 710 | 2 |aConseil de recherches en sciences humaines du Canada, |eorganisme de publication. |
| 775 | 08|tSSHRC in numbers.|w(CaOODSP)9.935469 |
| 856 | 40|qPDF|s126 Ko|uhttps://publications.gc.ca/collections/collection_2024/crsh-sshrc/CR22-131-2020-fra.pdf |